Shape-ology Quiz Stats

 Plays Quiz Updated Dec 14, 2011

Also try: Sporcle Crossing!
Challenge
Share
Tweet
Score 0/24 Timer 02:00
9 Plays Today
% Correct
Square
99.4%
Circle
99.1%
Triangle
98.7%
Star
98.4%
Heart
97.8%
Wyoming
96.9%
Ellipse
96.4%
Three Leafed Clover
94.5%
Croissant
94.3%
Octagon
93.4%
Pentagon
93.2%
Toast
92.7%
% Correct
A Heart Playing a Small Trumpet
92.7%
Diamond
91.4%
Hexagon
90.6%
Airplane!
89.2%
Harry Potter's Scar
86.6%
Recycle
84.6%
Anvil
63%
Indiana
52.6%
Heptagon
50.3%
Sporcle
49.3%
Fleur-de-lis
44.3%
Triforce
23.3%

You're not logged in!

Compare scores with friends on all Sporcle quizzes.
OR
Log In

You Might Also Like...

Show Comments

Extras

Top Quizzes Today


Score Distribution

Your Account Isn't Verified!

In order to create a playlist on Sporcle, you need to verify the email address you used during registration. Go to your Sporcle Settings to finish the process.

Report this User

Report this user for behavior that violates our Community Guidelines.

Details: